Starosta Ťahanoviec vypísal odmeny za dolapenie sprejerov obnova náterov na Budapeštianskej ulici stojí okolo stotisíc korún

Bibliographic Details
Main Author: Sambor, Miroslav (Author)
Format: Article
Language:Slovak
PhysicalDescription:Fotogr.
ISSN:1335-4566
Subjects:

MARC

LEADER 00000nab a2200000 a 4500
001 vtls008181835
003 SK-MaSNL
005 20260304210607.0
008 050629c20050629xo drz 0 0slo
015 |a KEVKJB2005 
040 |a KEVKJB  |b slo  |c KEVKJB  |e AACR2 
041 0 |a slo 
044 |a xo  |c SK 
080 |a 74  |2 UDC-MRF-SK2 
080 |a 76  |2 UDC-MRF-SK2 
100 1 |a Sambor, Miroslav  |4 aut  |9 872736 
245 1 0 |a Starosta Ťahanoviec vypísal odmeny za dolapenie sprejerov  |b obnova náterov na Budapeštianskej ulici stojí okolo stotisíc korún  |c Miroslav Sambor 
300 |b Fotogr. 
650 0 7 |a sprejeri  |2 kevkjb  |9 256837 
650 0 7 |a opatrenia  |2 kevkjb  |9 373813 
651 7 |a Ťahanovce (Košice I, Slovensko)  |2 kevkjb  |9 168684 
651 7 |a Košice (Slovensko)  |2 kevkjb  |9 18694 
773 0 |t Košický denník Korzár  |g Roč. VIII, č. 150 (29.6.2005), s. 2  |x 1335-4566 
852 |a KEVKJB  |b KIS3GCP 
999 |c 3126728  |d 3128658